Z Donovál do Telgártu

Bibliographic Details
Main Author: Mäkký, Ľubomír (Author)
Corporate Authors: Augustini, Peter (Bratislava, Slovensko) (Editor), Kollár, Daniel (Bratislava, Slovensko) (Editor)
Format: Article
Language:Slovak
PhysicalDescription:zv. Foto 1 24 cm
ISSN:0323-0643
Subjects:

MARC

LEADER 00000nab a2200000 a 4500
001 vtls010566082
003 SK-MaSNL
005 20260303085438.0
008 140625u2004 xo r|p | 000 ||slo
015 |a LMSMOPAJ  |2 lmsmopaj 
038 |a LMSMOPAJ 
040 |a LMSMOPAJ  |b slo  |c LMSMOPAJ  |e AACR2 
041 1 |a slo 
044 |a xo  |c SK 
080 |a 796.5 (437.6)  |2 2001 
080 |a 796.5  |2 2001 
080 |a 502.2  |2 2011 
080 |a 796.5:625.711.8  |2 2011 
100 1 |a Mäkký, Ľubomír  |4 aut  |9 768487 
245 1 0 |a Z Donovál do Telgártu 
300 |a zv.  |b Foto 1  |c 24 cm 
650 0 7 |a turistika  |2 SNKPH  |9 683 
650 0 7 |a príroda  |2 SNKPH  |9 3813 
650 0 7 |a turistické chodníky  |2 SNKPH  |9 71065 
651 7 |a Nízke Tatry (Slovensko : pohorie)  |2 lmsmopaj  |9 173011 
655 7 |a články z novín a časopisov  |2 lmsmopaj  |9 267496 
655 7 |a turistické časopisy  |2 lmsmopaj  |9 272437 
710 2 0 |a Augustini, Peter (Bratislava, Slovensko)  |4 edt  |9 1093576 
710 2 0 |a Kollár, Daniel (Bratislava, Slovensko)  |4 edt  |9 1093577 
773 0 8 |t Krásy Slovenska  |d Bratislava : Dajama, 2004  |g Roc. 81, č. 11-12 (2004), s. 42-43  |x 0323-0643 
852 |a LMSMOPAJ 
999 |c 1799298  |d 1801228